Los Pueblos de España / Anselmo Carretero y Jiménez ; prólogos de Miguel León y Portilla y Jordi Solé Tura
Descripción Física:
412 p. : il. ; 22 cm
Colección:
Colección federalismo
MARC
| LEADER | 00000nam a2200000Ia 4500 | ||
|---|---|---|---|
| 001 | 9581 | ||
| 008 | 160829s1992 xx 000 0 cat d | ||
| 080 | |a M-2-105 | ||
| 100 | |a Carretero y Jiménez, Anselmo |9 36799 | ||
| 245 | |a Los Pueblos de España / Anselmo Carretero y Jiménez ; prólogos de Miguel León y Portilla y Jordi Solé Tura | ||
| 250 | |a Ed. renovada | ||
| 260 | |a Barcelona : |b Fundació Rafael Campalans : |b Hacer, |c 1992 | ||
| 300 | |a 412 p. : |b il. ; |c 22 cm | ||
| 490 | |a Colección federalismo | ||
| 650 | |a Comunitats autònomes |9 36800 | ||
| 650 | |a Federalisme |x Espanya |9 42813 | ||
| 650 | |a Nacionalisme |x Espanya |9 44296 | ||
| 700 | 1 | |a León-Portilla, Miguel |9 36802 | |
| 700 | |a Solé Tura, Jordi, pr. |9 36803 | ||
| 901 | |a Arxiu | ||
| 942 | |n 1 | ||
| 952 | |0 0 |1 0 |4 0 |6 M2105 |7 1 |9 47529 |a Arxiu |b Arxiu |d 2016-12-01 |l 0 |o M-2-105 |p 9581 |r 2016-12-01 00:00:00 |w 2016-12-01 |y ARXIU | ||
| 999 | |c 51328 |d 51328 | ||